The essays of Elia and the last essays of Elia

Gespeichert in:
Bibliographische Detailangaben
1. Verfasser: Lamb, Charles
Format: Buch
Sprache:English
Veröffentlicht: Londres, Inglaterra Oxford University Press 1954
Schlagworte:
Tags: Tag hinzufügen
Keine Tags, Fügen Sie den ersten Tag hinzu!

MARC

LEADER 00000nam a2200000Ia 4500
008 170316s9999 xx 000 0 eng d
040 |a cru BVZT 
090 |a 820 L-1e 
100 |a Lamb, Charles 
245 |a The essays of Elia and the last essays of Elia 
260 |a Londres, Inglaterra 
260 |b Oxford University Press 
260 |c 1954 
300 |a 396 páginas 
650 |a LITERATURA INGLESA  |9 12 
650 |a EN IDIOMA INGLÉS  
650 |a ENSAYOS  
650 |a ELIA  
999 |c 6978  |d 6978 
942 |c LIB  |h 820 L-1e  |2 z